000 00553nam a2200193Ia 4500
003 GCL
008 140319s9999 xx 000 0 eng d
040 _aGCL /
_cGCL
082 0 4 _a658.152
_bK O
100 1 _aKRAJEWSKI, LEE J.
245 1 0 _aOPERATIONS MANAGEMENT: STRATEGY AND ANALYSIS /
_cKRAJEWSKI, LEE J.
700 1 _aRITZMAN, LARRY P.
260 _a[S.N] :
_bADDISON - WESLEY PUBLISHING COMPANY ،
_c1993
300 _a904 P
650 0 4 _aELECTRONIC OFFICE MACHINE
650 0 4 _aPORTABLE COMPUTER
650 0 4 _aMANAGEMENT
942 _2ddc
_cBK
999 _c20085
_d20085